[Event "Ljubljana-chT 75th"]
[Site "Ljubljana"]
[Date "2023.03.23"]
[Round "9.4"]
[White "Cop, Jaka"]
[Black "Lazar, Ivan"]
[Result "1/2-1/2"]
[WhiteElo "1919"]
[BlackElo "1765"]
[PlyCount "120"]
[EventDate "2023.01.12"]
[EventType "team-swiss"]
[EventRounds "9"]
[EventCountry "SLO"]
[SourceTitle "EXT 2024"]
[Source "ChessBase"]
[SourceDate "2023.10.10"]
[SourceVersion "1"]
[SourceVersionDate "2023.10.10"]
[SourceQuality "1"]
[WhiteTeam "Ig"]
[BlackTeam "Zagorje ob Savi"]
[WhiteTeamCountry "SLO"]
[BlackTeamCountry "SLO"]

1. e4 c5 2. Nc3 Nc6 3. g3 Nf6 4. d3 e6 5. Bg2 Be7 6. f4 d5 7. Nf3 dxe4 8. Nxe4 Nxe4 9. dxe4 Qxd1+ 10. Kxd1 0-0 11. c3 Rd8+ 12. Kc2 b5 13. Be3 Bb7 14. Rhd1 b4 15. Nd2 bxc3 16. bxc3 Na5 17. c4 Bc6 18. Bf1 Rd7 19. Be2 Rad8 20. e5 Ba4+ 21. Nb3 Rxd1 22. Rxd1 Rxd1 23. Bxd1 Nxc4 24. Bf2 Na5 25. Kc3 Nxb3 26. Bxb3 Bb5 27. Bc2 Bc6 28. Kc4 Bd5+ 29. Kb5 Bxa2 30. Bxc5 Bxc5 31. Kxc5 Bd5 32. Ba4 Kf8 33. Kd6 Be4 34. h4 Bf3 35. Bb5 h6 36. Ba6 Ke8 37. Bb5+ Kd8 38. Ba6 Bd1 39. Kc6 Bf3+ 40. Kd6 h5 41. Bb5 Bd1 42. Ba6 g6 43. Kc6 Bf3+ 44. Kd6 Be4 45. Bb5 Bc2 46. Ba6 Be4 47. Bb5 Bb7 48. Ba4 Ba6 49. Bc6 Be2 50. Ba4 a6 51. Kc6 Ke7 52. Kb6 Kd8 53. Bc6 Ke7 54. Be4 Bb5 55. Bc2 Kd7 56. Be4 Be2 57. Bc6+ Ke7 58. Bb7 Kd8 59. Bxa6 Bxa6 60. Kxa6 Kc7 1/2-1/2

[Event "SLO-chT 25th"]
[Site "Otocec"]
[Date "2015.11.06"]
[Round "4.6"]
[White "Cop, Jaka"]
[Black "Janzekovic, Klemen Tilen"]
[Result "0-1"]
[WhiteElo "1813"]
[BlackElo "1933"]
[PlyCount "112"]
[EventDate "2015.10.16"]
[EventType "team-tourn"]
[EventRounds "9"]
[EventCountry "SLO"]
[SourceTitle "EXT 2020"]
[Source "ChessBase"]
[SourceDate "2019.10.17"]
[SourceVersion "1"]
[SourceVersionDate "2019.10.17"]
[SourceQuality "1"]
[WhiteTeam "Ig"]
[BlackTeam "Ptuj"]
[WhiteTeamCountry "SLO"]
[BlackTeamCountry "SLO"]

1. e4 e5 2. Nf3 Nc6 3. d4 exd4 4. Nxd4 Nf6 5. Nc3 Bb4 6. Nxc6 bxc6 7. Bd3 d5 8. exd5 cxd5 9. 0-0 0-0 10. h3 h6 11. Qf3 c6 12. Bf4 Re8 13. Rad1 Bd6 14. Ne2 Bxf4 15. Nxf4 Qa5 16. a3 Ba6 17. Nh5 Nxh5 18. Qxh5 Qb6 19. b3 Re7 20. a4 Rae8 21. Bxa6 Qxa6 22. Rd3 Re2 23. Rg3 R2e5 24. Qxh6 Qxf1+ 25. Kh2 g5 26. Rxg5+ Rxg5 27. Qxg5+ Kf8 28. Qh6+ Ke7 29. Qe3+ Kd8 30. Qxa7 Qe2 31. Qb8+ Kd7 32. Qb7+ Kd6 33. Qxf7 Qe5+ 34. g3 Re7 35. Qf8 Kc5 36. h4 Kd4 37. Qh6 Qe2 38. Qf6+ Re5 39. a5 Qxc2 40. Qf4+ Re4 41. Qf6+ Kc5 42. Kh3 Qxb3 43. a6 Qb8 44. f3 Rc4 45. Qa1 Kb6 46. h5 Qf8 47. a7 Qxf3 48. Qa6+ Kxa6 49. a8Q+ Kb5 50. Qb8+ Ka4 51. Qa7+ Kb3 52. Qb6+ Kc2 53. Qg1 Qxh5+ 54. Kg2 Qe2+ 55. Kh3 Kb3 56. Qb1+ Ka4 0-1

[Event "SLO-chT U20"]
[Site "Otocec"]
[Date "2015.08.27"]
[Round "5"]
[White "Cop, Jaka"]
[Black "Dobrovoljc, Vid"]
[Result "1/2-1/2"]
[WhiteElo "1786"]
[BlackElo "2085"]
[PlyCount "82"]
[EventDate "2015.08.24"]
[EventType "team-tourn"]
[EventRounds "7"]
[EventCountry "SLO"]
[SourceTitle "EXT 2019"]
[Source "ChessBase"]
[SourceDate "2018.10.10"]
[SourceVersion "1"]
[SourceVersionDate "2018.10.10"]
[SourceQuality "1"]

1. e4 c6 2. d4 d5 3. exd5 cxd5 4. Bf4 Nc6 5. c3 Nf6 6. Bd3 Bg4 7. f3 Bh5 8. Ne2 e6 9. 0-0 Bg6 10. Nc1 Be7 11. Nd2 0-0 12. Bxg6 hxg6 13. Nd3 Ne8 14. Nb3 Nd6 15. Bxd6 Bxd6 16. f4 Qc7 17. Qg4 Be7 18. Ne5 b5 19. h4 b4 20. Rf3 Bf6 21. Rc1 Rfc8 22. Kh1 a5 23. cxb4 Bxe5 24. b5 Qb6 25. fxe5 Qxb5 26. Qf4 Nd8 27. Rxc8 Rxc8 28. Qd2 Qb4 29. Rc3 Rxc3 30. Qxc3 Qxc3 31. bxc3 Nc6 32. a4 f6 33. exf6 gxf6 34. Kg1 e5 35. dxe5 fxe5 36. Kf2 Kf7 37. Ke3 Ke6 38. g4 Kf6 39. Kf3 Ke6 40. Ke3 Kf6 41. Kf3 Ke6 1/2-1/2

[Event "SLO-ch U18"]
[Site "Bled"]
[Date "2015.02.25"]
[Round "5"]
[White "Murko, David"]
[Black "Cop, Jaka"]
[Result "1/2-1/2"]
[WhiteElo "2063"]
[BlackElo "1778"]
[PlyCount "80"]
[EventDate "2015.02.21"]
[EventType "tourn"]
[EventRounds "7"]
[EventCountry "SLO"]
[SourceTitle "EXT 2023"]
[Source "ChessBase"]
[SourceDate "2022.10.05"]
[SourceVersion "1"]
[SourceVersionDate "2022.10.05"]
[SourceQuality "1"]

1. Nf3 d5 2. c4 e6 3. g3 Nf6 4. Bg2 Be7 5. 0-0 0-0 6. b3 b6 7. Bb2 Bb7 8. e3 Nbd7 9. Qe2 Re8 10. Rd1 Bf8 11. d4 Ne4 12. Nbd2 Ndf6 13. Rac1 c6 14. Nxe4 Nxe4 15. Nd2 Nxd2 16. Rxd2 f5 17. f3 g6 18. Rdd1 a5 19. a3 Ba6 20. Qf2 a4 21. cxd5 cxd5 22. b4 Bc4 23. Bf1 Bxf1 24. Qxf1 Qd7 25. Rc3 Rec8 26. Rdc1 Kf7 27. Qd3 Rxc3 28. Qxc3 Qb5 29. Kf2 Bd6 30. Ke1 Ke7 31. Qc6 Qxc6 32. Rxc6 b5 33. Rc2 Kd7 34. f4 Rc8 35. Rxc8 Kxc8 36. Bc3 Kd7 37. Ke2 Ke7 38. Kf3 Kf6 39. Bd2 Bc7 40. Be1 h5 1/2-1/2

[Event "SLO-ch U18"]
[Site "Bled"]
[Date "2015.02.24"]
[Round "4"]
[White "Cop, Jaka"]
[Black "Markoja, Boris"]
[Result "0-1"]
[WhiteElo "1778"]
[BlackElo "2306"]
[PlyCount "58"]
[EventDate "2015.02.21"]
[EventType "tourn"]
[EventRounds "7"]
[EventCountry "SLO"]
[SourceTitle "EXT 2023"]
[Source "ChessBase"]
[SourceDate "2022.10.05"]
[SourceVersion "1"]
[SourceVersionDate "2022.10.05"]
[SourceQuality "1"]

1. e4 c5 2. Nc3 g6 3. g3 Bg7 4. Bg2 Nc6 5. d3 d6 6. Be3 e5 7. Nge2 Nge7 8. 0-0 0-0 9. Nd5 Nxd5 10. exd5 Ne7 11. c3 b6 12. d4 Nf5 13. dxc5 Nxe3 14. fxe3 bxc5 15. e4 Bh6 16. Qd3 Qb6 17. Qc2 Rb8 18. Rab1 c4+ 19. Kh1 Bd7 20. Ng1 Qc5 21. b4 cxb3 22. axb3 a5 23. Qf2 Qxc3 24. Qa7 Rbd8 25. Rf3 Qd4 26. Qxa5 f5 27. Re1 Bd2 28. Qa1 Bxe1 29. Qxe1 fxe4 0-1

[Event "SLO-ch U18"]
[Site "Bled"]
[Date "2015.02.21"]
[Round "1"]
[White "Cop, Jaka"]
[Black "Urbanc, Peter"]
[Result "0-1"]
[WhiteElo "1778"]
[BlackElo "2088"]
[PlyCount "90"]
[EventDate "2015.02.21"]
[EventType "tourn"]
[EventRounds "7"]
[EventCountry "SLO"]
[SourceTitle "EXT 2023"]
[Source "ChessBase"]
[SourceDate "2022.10.05"]
[SourceVersion "1"]
[SourceVersionDate "2022.10.05"]
[SourceQuality "1"]

1. e4 g6 2. d4 Bg7 3. Be3 d6 4. Nc3 a6 5. a4 Nd7 6. Qd2 c5 7. Nf3 Ngf6 8. h3 Qa5 9. Rd1 0-0 10. Bd3 b5 11. axb5 axb5 12. Nxb5 c4 13. Qxa5 Rxa5 14. Bxc4 Ba6 15. e5 Ne4 16. Bd3 Bxb5 17. Bxe4 dxe5 18. dxe5 Nxe5 19. Nxe5 Bxe5 20. b3 Ra2 21. c4 Bc3+ 22. Bd2 Rxd2 23. Rxd2 Rd8 24. cxb5 Rxd2 25. 0-0 Bd4 26. Bc6 e6 27. Bb7 Rb2 28. Bc6 Kf8 29. Bd7 e5 30. Bc6 Rxb3 31. Kh1 Rb2 32. f3 Ke7 33. Rd1 Be3 34. Ra1 f5 35. Re1 Bf2 36. Rd1 Kf6 37. f4 exf4 38. Rf1 Kg5 39. Ra1 Kh4 40. Rd1 Kg3 41. Rd3+ Be3 42. Rd1 g5 43. Ra1 g4 44. Rf1 f3 45. Bxf3 gxh3 0-1

[Event "SLO-chT Central Superliga 15th"]
[Site "Slovenia"]
[Date "2014.11.06"]
[Round "8.4"]
[White "Sivcevic, Nusret"]
[Black "Cop, Jaka"]
[Result "0-1"]
[WhiteElo "1843"]
[BlackElo "1711"]
[PlyCount "86"]
[EventDate "2014.09.11"]
[EventType "team-tourn"]
[EventRounds "9"]
[EventCountry "SLO"]
[SourceTitle "EXT 2022"]
[Source "ChessBase"]
[SourceDate "2021.10.06"]
[SourceVersion "1"]
[SourceVersionDate "2021.10.06"]
[SourceQuality "1"]
[WhiteTeam "Klinicni Center"]
[BlackTeam "Ig"]
[WhiteTeamCountry "SLO"]
[BlackTeamCountry "SLO"]

1. f4 e6 2. Nf3 Nf6 3. b3 b6 4. Bb2 Bb7 5. g3 Be7 6. Bg2 0-0 7. 0-0 c5 8. d3 d5 9. e3 Nbd7 10. Qe2 Ba6 11. c4 Bb7 12. Nbd2 a6 13. Rad1 Rc8 14. Ne5 Ne8 15. f5 Nxe5 16. Bxe5 Bf6 17. d4 Qe7 18. Qg4 Rd8 19. h4 h6 20. Bh3 exf5 21. Qf4 Bxe5 22. dxe5 g6 23. cxd5 Bxd5 24. Kh2 Ng7 25. Rf2 Kh7 26. g4 fxg4 27. Bxg4 Qxh4+ 28. Bh3 Qe7 29. e4 Nh5 30. Qf3 Qxe5+ 31. Kg1 Bxe4 32. Nxe4 Rxd1+ 33. Qxd1 Qxe4 34. Qd6 Kg8 35. Qxb6 Nf4 36. Bf1 Qe1 37. Rf3 Ne2+ 38. Kg2 Nd4 39. Rg3 Qe4+ 40. Kh2 Qh4+ 41. Bh3 Re8 42. Qxa6 Re2+ 43. Rg2 Nf3+ 0-1

[Event "SLO-chT U20"]
[Site "Bled"]
[Date "2014.08.26"]
[Round "6.3"]
[White "Cop, Jaka"]
[Black "Brinovec, David"]
[Result "0-1"]
[WhiteElo "1711"]
[BlackElo "1927"]
[PlyCount "52"]
[EventDate "2014.08.23"]
[EventType "team-tourn"]
[EventRounds "7"]
[EventCountry "SLO"]
[SourceTitle "EXT 2022"]
[Source "ChessBase"]
[SourceDate "2021.10.06"]
[SourceVersion "1"]
[SourceVersionDate "2021.10.06"]
[SourceQuality "1"]
[WhiteTeam "Ig U20"]
[BlackTeam "Zalec U20"]
[WhiteTeamCountry "SLO"]
[BlackTeamCountry "SLO"]

1. e4 e5 2. Nf3 Nc6 3. d4 exd4 4. Nxd4 Bc5 5. Nb3 Bb6 6. Nc3 Nf6 7. Bg5 0-0 8. Qe2 Nd4 9. Nxd4 Bxd4 10. Qd3 Bxf2+ 11. Kd2 h6 12. Bf4 d6 13. Be2 Re8 14. Raf1 Bb6 15. Qg3 Bd4 16. Bf3 Bxc3+ 17. bxc3 Nxe4+ 18. Bxe4 Rxe4 19. h3 Re6 20. Qd3 Bd7 21. g4 Qe7 22. h4 Re8 23. g5 Re2+ 24. Kc1 hxg5 25. hxg5 Qe4 26. Rh4 Re1+ 0-1

[Event "Ljubljana-chT 67th Superliga"]
[Site "Ljubljana"]
[Date "2014.03.27"]
[Round "9.3"]
[White "Markic, Vladimir"]
[Black "Cop, Jaka"]
[Result "1/2-1/2"]
[WhiteElo "1729"]
[BlackElo "1713"]
[PlyCount "26"]
[EventDate "2014.01.09"]
[EventType "team-tourn"]
[EventRounds "9"]
[EventCountry "SLO"]
[SourceTitle "EXT 2022"]
[Source "ChessBase"]
[SourceDate "2021.10.06"]
[SourceVersion "1"]
[SourceVersionDate "2021.10.06"]
[SourceQuality "1"]
[WhiteTeam "Trzin Buscotrade"]
[BlackTeam "Ig"]
[WhiteTeamCountry "SLO"]
[BlackTeamCountry "SLO"]

1. d4 Nf6 2. Nf3 d5 3. e3 e6 4. Bd3 Bd6 5. 0-0 0-0 6. c3 c5 7. Nbd2 Nc6 8. dxc5 Bxc5 9. e4 d4 10. Nb3 Bb6 11. e5 Nd5 12. cxd4 h6 13. Be3 Bd7 1/2-1/2

[Event "Ljubljana Winter op"]
[Site "Ljubljana"]
[Date "2014.03.05"]
[Round "6"]
[White "Sketa, Mark"]
[Black "Cop, Jaka"]
[Result "1-0"]
[WhiteElo "1677"]
[BlackElo "1713"]
[PlyCount "59"]
[EventDate "2014.01.08"]
[EventType "swiss"]
[EventRounds "9"]
[EventCountry "SLO"]
[SourceTitle "EXT 2023"]
[Source "ChessBase"]
[SourceDate "2022.10.05"]
[SourceVersion "1"]
[SourceVersionDate "2022.10.05"]
[SourceQuality "1"]

1. e4 c5 2. Nf3 Nc6 3. Bb5 Nd4 4. Bc4 e6 5. c3 Nc6 6. d4 cxd4 7. cxd4 d5 8. exd5 exd5 9. Bb5 Bd7 10. 0-0 Bd6 11. Re1+ Nge7 12. Nc3 0-0 13. Bg5 Be6 14. h3 Qb6 15. Qd2 Nf5 16. Rad1 h6 17. Bf4 Bb4 18. Bxc6 Qxc6 19. Rc1 Qb6 20. a3 Bxc3 21. Rxc3 Ne7 22. Bc7 Qa6 23. Rec1 Nc6 24. Ne5 Nxe5 25. Bxe5 b6 26. Rg3 Rfc8 27. Rxg7+ Kf8 28. Qb4+ Ke8 29. Rg8+ Kd7 30. Qd6# 1-0

[Event "SLO-chT2 West"]
[Site "Ljubljana"]
[Date "2013.11.16"]
[Round "7.6"]
[White "Pavlin, Ivan"]
[Black "Cop, Jaka"]
[Result "1-0"]
[WhiteElo "1965"]
[BlackElo "1711"]
[PlyCount "137"]
[EventDate "2013.11.08"]
[EventType "team"]
[EventRounds "9"]
[EventCountry "SLO"]
[SourceTitle "EXT 2015"]
[Source "ChessBase"]
[SourceDate "2014.11.20"]
[SourceVersion "1"]
[SourceVersionDate "2014.11.20"]
[SourceQuality "1"]
[WhiteTeam "Jesenice"]
[BlackTeam "Ig"]
[WhiteTeamCountry "SLO"]
[BlackTeamCountry "SLO"]

1. d4 Nf6 2. c4 e6 3. Nc3 Bb4 4. Bd2 0-0 5. a3 Bxc3 6. Bxc3 d5 7. e3 b6 8. Nf3 Bb7 9. Be2 Ne4 10. 0-0 Nd7 11. Qc2 c5 12. Bd3 f5 13. Nd2 Qg5 14. f4 Qg6 15. Nf3 Rac8 16. Qe2 Rfd8 17. Rac1 h6 18. Rfd1 Qg4 19. h3 Qh5 20. cxd5 exd5 21. Ba6 Ng3 22. Qe1 Bxa6 23. Qxg3 Be2 24. Re1 Bxf3 25. Qxf3 Qf7 26. g4 g6 27. Kh2 c4 28. Rg1 Kh7 29. Rg2 Rg8 30. Rcg1 Rce8 31. Bb4 Qe6 32. Bd2 a5 33. Rg3 Nf6 34. Bc3 Ne4 35. gxf5 gxf5 36. Rxg8 Rxg8 37. Rxg8 Qxg8 38. Be1 Qe8 39. Qd1 Nf6 40. Qf3 Qe4 41. Qxe4 Nxe4 42. Kg2 Kg6 43. Kf3 Kf6 44. Bh4+ Ke6 45. Bd8 Kd7 46. Bxb6 a4 47. Ba5 Kc6 48. Bb4 Kb5 49. Be1 c3 50. bxc3 Kc4 51. Bh4 Kxc3 52. Be7 Nd2+ 53. Ke2 Nc4 54. Bb4+ Kb3 55. e4 dxe4 56. d5 Nb6 57. Bf8 Nxd5 58. Bxh6 Kxa3 59. Bg5 Kb3 60. Bh6 a3 61. Kd2 a2 62. Bg7 Nxf4 63. h4 Nd3 64. Ba1 Ne5 65. Bxe5 f4 66. h5 Kc4 67. h6 e3+ 68. Ke2 f3+ 69. Kxe3 1-0

[Event "Ljubljana Autumn op"]
[Site "Ljubljana"]
[Date "2013.10.30"]
[Round "5"]
[White "Cop, Jaka"]
[Black "Kamensek, Ivan"]
[Result "0-1"]
[WhiteElo "1729"]
[BlackElo "1723"]
[PlyCount "48"]
[EventDate "2013.09.04"]
[EventType "swiss"]
[EventRounds "9"]
[EventCountry "SLO"]
[SourceTitle "EXT 2023"]
[Source "ChessBase"]
[SourceDate "2022.10.05"]
[SourceVersion "1"]
[SourceVersionDate "2022.10.05"]
[SourceQuality "1"]

1. e4 e5 2. Nf3 Nf6 3. Nc3 Nc6 4. d4 Bb4 5. d5 Ne7 6. Bd3 d6 7. 0-0 0-0 8. Nh4 c6 9. dxc6 bxc6 10. Bg5 Ng6 11. Nxg6 fxg6 12. Bc4+ Kh8 13. Qd3 h6 14. Bxf6 Rxf6 15. Rad1 Bxc3 16. Qxc3 Qb6 17. Bb3 Ba6 18. Bc4 Bxc4 19. Qxc4 Raf8 20. Rd2 Qxb2 21. Qxc6 Qxa2 22. Rxd6 Rxf2 23. Rc1 Qa3 24. Re1 Rf1+ 0-1

[Event "SLO-chT U20"]
[Site "Verzej"]
[Date "2013.08.27"]
[Round "1"]
[White "Cop, Jaka"]
[Black "Kralj, Samo"]
[Result "0-1"]
[WhiteElo "1729"]
[BlackElo "1952"]
[PlyCount "104"]
[EventDate "2013.08.27"]
[EventType "team-tourn"]
[EventRounds "7"]
[EventCountry "SLO"]
[SourceTitle "EXT 2015"]
[Source "ChessBase"]
[SourceDate "2014.11.20"]
[SourceVersion "1"]
[SourceVersionDate "2014.11.20"]
[SourceQuality "1"]

1. e4 c5 2. Nc3 d6 3. g3 g6 4. Bg2 Bg7 5. d3 Nc6 6. Nge2 e6 7. Be3 Nge7 8. Qd2 Nd4 9. Nd1 Nxe2 10. Qxe2 0-0 11. h4 f5 12. h5 Bd7 13. hxg6 hxg6 14. Qd2 Kf7 15. Bh6 Bxh6 16. Rxh6 Rh8 17. Qg5 Rxh6 18. Qxh6 Qh8 19. Qxh8 Rxh8 20. Ne3 Nc6 21. 0-0-0 Ke7 22. Re1 Rf8 23. exf5 gxf5 24. Nd5+ Kf7 25. Nf4 Nd8 26. Rh1 Kg7 27. Rh5 Rh8 28. Rg5+ Kf7 29. Nh5 Rh7 30. Kd2 Bc6 31. Bxc6 Nxc6 32. c3 b5 33. f4 Ke7 34. Ke3 Nd8 35. Rg7+ Rxg7 36. Nxg7 Kf7 37. Nh5 Kg6 38. g4 fxg4 39. Ng3 Nc6 40. Ne4 Ne7 41. Kf2 Nf5 42. b3 Kh5 43. Ng5 e5 44. Ne6 exf4 45. Nxf4+ Kh4 46. Kg2 Ne3+ 47. Kh2 g3+ 48. Kg1 Kg4 49. Ng6 Kf3 50. a3 a6 51. a4 bxa4 52. bxa4 Nd1 0-1

[Event "Ljubljana op 2nd"]
[Site "Ljubljana"]
[Date "2013.06.15"]
[Round "8"]
[White "Sajn, Simon"]
[Black "Cop, Jaka"]
[Result "1-0"]
[WhiteElo "2045"]
[BlackElo "1703"]
[PlyCount "49"]
[EventDate "2013.04.03"]
[EventType "swiss"]
[EventRounds "9"]
[EventCountry "SLO"]
[SourceTitle "EXT 2023"]
[Source "ChessBase"]
[SourceDate "2022.10.05"]
[SourceVersion "1"]
[SourceVersionDate "2022.10.05"]
[SourceQuality "1"]

1. d4 d5 2. c4 c6 3. Nc3 Nf6 4. Nf3 e6 5. Bg5 Nbd7 6. e3 Qa5 7. Qb3 Ne4 8. Bf4 Ndf6 9. c5 Nh5 10. Bd3 Nxf4 11. exf4 Nf6 12. 0-0 Qc7 13. Ne5 g6 14. Rfe1 Bg7 15. f5 g5 16. Qc2 h5 17. fxe6 Bxe6 18. Nxf7 Kxf7 19. Bg6+ Kf8 20. Rxe6 Ng4 21. g3 Bxd4 22. Qf5+ Kg7 23. Qxg5 Bf6 24. Rxf6 Nxf6 25. Bxh5+ 1-0

[Event "Ljubljana op 2nd"]
[Site "Ljubljana"]
[Date "2013.05.08"]
[Round "4"]
[White "Cop, Jaka"]
[Black "More, Erlend"]
[Result "1/2-1/2"]
[WhiteElo "1703"]
[BlackElo "1646"]
[PlyCount "58"]
[EventDate "2013.04.03"]
[EventType "swiss"]
[EventRounds "9"]
[EventCountry "SLO"]
[SourceTitle "EXT 2023"]
[Source "ChessBase"]
[SourceDate "2022.10.05"]
[SourceVersion "1"]
[SourceVersionDate "2022.10.05"]
[SourceQuality "1"]

1. e4 c6 2. d4 d5 3. e5 Bf5 4. Bd3 Bxd3 5. Qxd3 e6 6. Ne2 Qa5+ 7. Nd2 c5 8. c3 Qa6 9. Qf3 Nc6 10. a3 Qb6 11. Qd3 Nge7 12. b4 cxb4 13. cxb4 Nf5 14. Nb3 a5 15. b5 Na7 16. a4 Bb4+ 17. Bd2 0-0 18. 0-0 Bxd2 19. Qxd2 Nc8 20. Nc5 Re8 21. Rac1 Nce7 22. Qg5 Rad8 23. Rc3 Qa7 24. Rfc1 h6 25. Qd2 Rc8 26. Nb3 b6 27. Rxc8 Rxc8 28. Rxc8+ Nxc8 29. Qc3 Nce7 1/2-1/2

[Event "Ljubljana op 1st"]
[Site "Ljubljana"]
[Date "2013.03.13"]
[Round "8"]
[White "Unuk, Robert"]
[Black "Cop, Jaka"]
[Result "0-1"]
[WhiteElo "1463"]
[BlackElo "1654"]
[PlyCount "50"]
[EventDate "2013.01.09"]
[EventType "swiss"]
[EventRounds "9"]
[EventCountry "SLO"]
[SourceTitle "EXT 2023"]
[Source "ChessBase"]
[SourceDate "2022.10.05"]
[SourceVersion "1"]
[SourceVersionDate "2022.10.05"]
[SourceQuality "1"]

1. c4 e5 2. Nc3 Nf6 3. g3 Nc6 4. Bg2 d6 5. Nf3 Be6 6. d3 Qd7 7. Ng5 Bf5 8. e4 Bg4 9. f3 Be6 10. Nxe6 fxe6 11. Be3 0-0-0 12. a3 Be7 13. 0-0 h5 14. Rb1 Rdg8 15. b4 g5 16. h3 g4 17. h4 gxf3 18. Rxf3 Ng4 19. Qd2 Rg7 20. Rbf1 Rhg8 21. Bg5 Bxg5 22. hxg5 Qe7 23. Bh3 Nd4 24. Bxg4 hxg4 25. Rf6 Nf3+ 0-1

[Event "SLO-ch U16"]
[Site "Murska Sobota"]
[Date "2013.02.28"]
[Round "8"]
[White "Cop, Jaka"]
[Black "Murko, David"]
[Result "1-0"]
[WhiteElo "1654"]
[BlackElo "1634"]
[PlyCount "87"]
[EventDate "2013.02.23"]
[EventType "swiss"]
[EventRounds "9"]
[EventCountry "SLO"]
[SourceTitle "EXT 2022"]
[Source "ChessBase"]
[SourceDate "2021.10.06"]
[SourceVersion "1"]
[SourceVersionDate "2021.10.06"]
[SourceQuality "1"]

1. e4 c5 2. Nc3 Nc6 3. g3 g6 4. Bg2 Bg7 5. d3 e6 6. Be3 b6 7. Nb5 d6 8. e5 d5 9. Nd6+ Kf8 10. f4 Nge7 11. Nf3 Nf5 12. Nxf5 exf5 13. d4 c4 14. 0-0 Ke7 15. c3 b5 16. h3 Re8 17. b3 Kf8 18. Nd2 Bb7 19. g4 Qd7 20. Bf3 Ne7 21. Bf2 Rec8 22. Rc1 a5 23. Bh4 Ra6 24. Bxe7+ Qxe7 25. Bg2 Rc7 26. gxf5 gxf5 27. Qh5 Rh6 28. Qxf5 Bc8 29. Qg5 Bxh3 30. Qxe7+ Kxe7 31. f5 Bf8 32. Rf3 Bxg2 33. Kxg2 Rb7 34. Nf1 cxb3 35. axb3 a4 36. Ne3 Rd7 37. bxa4 bxa4 38. f6+ Ke6 39. c4 dxc4 40. Rxc4 Ra7 41. Rc8 Rg6+ 42. Kf2 Bb4 43. Rd8 Rh6 44. Nf5 1-0